Tennessee Titans Starting Quarterbacks 2011-20 - Statistics

General Stats
  • This quiz has been taken 95 times
  • The average score is 8 of 10
Answer Stats
Year Answer % Correct
19-20 Ryan Tannehill
100%
20-21 Ryan Tannehill
100%
15-16 Marcus Mariota
98%
16-17 Marcus Mariota
98%
17-18 Marcus Mariota
98%
18-19 Marcus Mariota
98%
12-13 Jake Locker
64%
13-14 Ryan Fitzpatrick
54%
14-15 Zach Mettenberger
51%
11-12 Matt Hasselbeck
48%
No matching quizzes found
Score Distribution
Percent of People with Each Score
Percentile by Number Answered
Your Score History
You have not taken this quiz